000 00815nas a2200253 4500
001 BR2012007207
003 BR-BrBNA
005 20231205121206.0
007 ta
008 230509b bl.|||p| |||| 00| 00por d
040 _aBR-BrBNA
_bpor
_cBiblioteca Nacional de Agricultura
041 _a(En)
072 _aM12
100 1 _aCunha, C.H.
100 1 _aOshiro, L.M.Y.
245 1 _aThe influence of eyestalk ablation on the reproduction of the freshwater Macrobrachium acanthurus shrimp in captivity
650 _aCAMARÃO CANELA
650 _aMATURAÇÃO
650 _aDESOVA
650 _aFERTILIDADE
773 0 _tActa Scientiarum. Biological Sciences (Brazil)
_xISSN 1679-9283
_g(Jul- Sep 2010), v. 32(3) p. 217-221
_wBR2012007207
909 _a202311
_bLúcia
_c55
_dLúcia Elande
942 _2AGRIS
_n0
_cANA
999 _c222258
_d222258